00602 2200229 4500001002300000005001700023006001900040008004100059020001800100035002500118040001200143082000800155084001400163090002800177100001600205245002300221250001100244260003700255300004500292850001500337990002000352NBPULOB00000000000348020140723103350.0a ||| | 161121| ||| |  a979-1073-59-7 a0010-021400000000336 aNPBULOB0 a398 a398.Set.b a300/Ilmu Soaial/RAK21.40 aA. Setiawan00aBunga Keberhasilan aCet II aBandungbPT Refika Aditamac2007 aV + 66 Hlm., Cet IIbIllusc20,5 x 15 Cm aKPAD LOBAR a23.934/rut/2011